Génesis y constitución de la burguesía agroexportadora en el Ecuador y su lucha por el poder en el siglo XIX /

Enregistré dans:
Détails bibliographiques
Auteur principal: Fernández L, Jorge
Autres auteurs: Loyola M, David
Format: Texte
Publié: Cuenca :
Tags: Ajouter un tag
Pas de tags, Soyez le premier à ajouter un tag!

MARC

LEADER 00000 a a2200000 04500
001 16159
003
040
090 |a SO.0001 C749c  
100 |a Fernández L, Jorge  
245 |a Génesis y constitución de la burguesía agroexportadora en el Ecuador y su lucha por el poder en el siglo XIX /  |c Jorge Fernández L 
260 |a Cuenca :  
300 |a 34 p.  
700 |a Loyola M, David  
999 |c 16830  |d 16830